Представление документа в формате RUSMARC

Поле Инд. ПП Название Значение
Тип записи a
Библиографический уровень a
001 Контрольный номер a89893949f304937822177ba1af9d89e
005 Дата корректировки 20181120134536.1
100 a Данные общей обработки 20180606 ||| 0rusy0189 ca
101 0_ a Язык текста rus
102 a Страна публикации RU
200 1_ f Первые сведения об ответственности Л.Н. Дегтярева
a Заглавие Принцип правового равенства в системе конституционных принципов правового статуса личности
210 d Дата издания 2018
461 _0 1 2000
a Государственная власть и местное самоуправление
463 _0 1 2000
a №2
v С. 3-6
1 2101
d 2018
1 001d186b0e854a84ffa888a684b258fbaac
606 a Основная рубрика Конституционное право
610 0_ a Ключевые слова РГУП; ПРАВА ЧЕЛОВЕКА; СТАТУС ПРАВОВОЙ
700 _1 a Фамилия Дегтярева
b Имя Л.Н.
801 _0 a Страна RU
b Организация РГУП
c Дата составления 20180606
g Правила каталогизации PSBO
801 _1 a Страна RU
b Организация РГУП
c Дата составления 20180606
g Правила каталогизации PSBO
901 t Тип документа b
w Контрольный № источника d186b0e854a84ffa888a684b258fbaac
905 a Дата ввода 20180606